Statistics for Unscramble the animals

Click here to take the quiz!

General Stats

  • This quiz has been taken 367 times
  • The average score is 10 of 10

Answer Stats

HintAnswer% Correct
oDgDog
100%
iPgPig
100%
itRbabRabbit
100%
ueTrtlTurtle
100%
eraBBear
99%
eDreDeer
99%
greiTTiger
99%
cacnooRRaccoon
98%
peSehSheep
98%
hkSraShark
97%

Score Distribution

Percentile by Number Answered

Percent of People with Each Score

Your Score History

You have not taken this quiz